| 000 | 00576nam a22001932 4500 | ||
|---|---|---|---|
| 001 | 0000008671 | ||
| 005 | 20151217152039.0 | ||
| 008 | 080513s xx 000 0 eng d | ||
| 020 |
_a083082782x : _cKES 1560 |
||
| 040 |
_aKABU _cKABU |
||
| 100 | 1 |
_aVaus, Will. _@0000159344 |
|
| 245 | 1 | 0 |
_aMere theology : _ba guide to the thought of C. S. Lewis / _cWill Vaus. |
| 260 |
_aDowners Grove, IL. : _bIVP, _c2004. |
||
| 300 | _a266 p. | ||
| 650 | 0 |
_aLewis, C. S. _xReligion. _@0000159345 |
|
| 908 | _a080513 | ||
| 950 | _@1 | ||
| 999 |
_c7681 _d7681 |
||